Statistics for Major League Teams with Native American Names

Click here to take the quiz!

General Stats

  • This quiz has been taken 31 times
  • The average score is 5 of 6

Answer Stats

Answer% Correct
Washington Redskins
97%
Cleveland Indians
97%
Chicago Blackhawks
87%
Kansas City Chiefs
70%
Atlanta Braves
67%
Edmonton Eskimos
33%

Score Distribution

Percentile by Number Answered

Percent of People with Each Score

Your Score History

You have not taken this quiz